Konkurenceschopnost zemí - definice a přístup k měření (příklad zemí Visegrádské čtyřky)

Pojem a chápanie konkurencieschopnosti. Definícia konkurencieschopnosti na úrovni krajín a vzťah medzi jednotlivými úrovňami subjektov národnej ekonomiky, ktoré konkurencieschopnosť krajiny determinujú. Prezentácia vybraných definícií konkurencieschopnosti používaných medzinárodnými organizáciami pr...

Descripción completa

Guardado en:
Detalles Bibliográficos
Autor principal: Pazour, Michal
Formato: Capítulo de libro
Lenguaje:checo
Materias:
Etiquetas: Agregar Etiqueta
Sin Etiquetas, Sea el primero en etiquetar este registro!

MARC

LEADER 00000naa$a2200000$$$4500
001 0038518
005 20231114082344.0
041 0 |a cze 
044 |a CZ 
245 1 0 |a Konkurenceschopnost zemí - definice a přístup k měření (příklad zemí Visegrádské čtyřky)  |c Michal Pazour 
520 |a Pojem a chápanie konkurencieschopnosti. Definícia konkurencieschopnosti na úrovni krajín a vzťah medzi jednotlivými úrovňami subjektov národnej ekonomiky, ktoré konkurencieschopnosť krajiny determinujú. Prezentácia vybraných definícií konkurencieschopnosti používaných medzinárodnými organizáciami pre analýzu konkurenčného postavenia jednotlivých krajín. Analýza merania konkurenčného postavenia krajín Višegrádskej štvorky. 
610 2 0 |a konkurencieschopnosť 
610 2 0 |a definície 
610 2 0 |a prostredie ekonomické 
610 2 0 |a hospodárstvo národné 
610 2 0 |a prostredie podnikateľské 
610 2 0 |a krajiny tranzitívne 
610 2 0 |a Vyšehradská štvorka 
610 2 0 |a trh 
100 1 |a Pazour, Michal